| 000 | 00375nam a2200145 a 4500 | ||
|---|---|---|---|
| 005 | 20140412111328.0 | ||
| 008 | 080201s19uu xx 00 eng d | ||
| 020 | _a085111241 | ||
| 050 |
_aREF 030 _bGu94 2002 |
||
| 245 | _aGuinness WORLD OF RECORDS. | ||
| 260 |
_aSpain : _bGuinness world records, _c20002. |
||
| 300 | _a290 | ||
| 650 |
_aRecords- _xworld. |
||
| 999 |
_c104776 _d104776 |
||